| 000 | 00541nam a2200217 a 4500 | ||
|---|---|---|---|
| 999 |
_c540 _d540 |
||
| 001 | 540 | ||
| 003 | BD-JhCC | ||
| 005 | 20171012173750.0 | ||
| 008 | 171007s1964 moxa|||| ||a| 000 0 eng d | ||
| 035 | _a(BD-JhCC) 540 | ||
| 040 |
_aBD-JhCC _dBD-JhCC |
||
| 041 | _aeng | ||
| 082 |
_a523.8 _bZIG 1964 |
||
| 100 | _aZigel,F | ||
| 245 |
_aWonders of the night sky / _cF. Zigel |
||
| 260 |
_aMoscow : _bMir Publishers, _c1964 |
||
| 300 |
_a208 p.: _c22 cm. |
||
| 504 | _aIncludes Bibliography | ||
| 942 |
_2ddc _cBK |
||